[Event "SRI-ch (Women)"]
[Site "Colombo"]
[Date "2024.03.25"]
[Round "7"]
[White "Ekaratne, Chenaya"]
[Black "Newansa, M Esandi"]
[Result "1/2-1/2"]
[WhiteElo "1623"]
[BlackElo "1707"]
[PlyCount "107"]
[EventDate "2024.03.22"]
[EventType "tourn"]
[EventRounds "13"]
[EventCountry "SRI"]
[SourceTitle "CB15_2024"]
[SourceDate "2024.04.10"]
[SourceVersion "1"]
[SourceVersionDate "2024.04.10"]
[SourceQuality "1"]

1. d4 d5 2. c4 c6 3. Nc3 Nf6 4. Nf3 dxc4 5. a4 Bf5 6. Ne5 e6 7. f3 h6 8. e4 Bh7 9. Nxc4 Bb4 10. Be2 Nbd7 11. 0-0 Nb6 12. Be3 0-0 13. Qb3 Nxc4 14. Bxc4 Qe7 15. Rad1 Rfd8 16. Bf2 Ba5 17. Ne2 Bb6 18. Kh1 Rd7 19. Bh4 g5 20. Bf2 Rad8 21. Rd3 Nh5 22. Rfd1 Qf6 23. Bg1 Nf4 24. Nxf4 gxf4 25. Qc3 Qg5 26. R3d2 Bg6 27. b4 a5 28. b5 cxb5 29. Bxb5 Rc7 30. Qb3 Qf6 31. d5 Bxg1 32. Kxg1 exd5 33. Rxd5 Rdc8 34. Rd6 Qg7 35. Qd3 Kh7 36. Qd2 Bxe4 37. Qxf4 Bg6 38. Bd7 Rc4 39. Qd2 R8c7 40. Qxa5 R7c5 41. Qe1 Bc2 42. R1d2 Bb3 43. Qb1+ Bc2 44. Rxc2 Rxc2 45. Bf5+ Rxf5 46. Qxc2 Qe5 47. Qd2 Rh5 48. Qd3+ Kg7 49. Qd4 Qxd4+ 50. Rxd4 Ra5 51. Kf2 b5 52. axb5 Rxb5 53. Ke3 Kf6 54. Ke4 1/2-1/2

[Event "SRI-ch (Women)"]
[Site "Colombo"]
[Date "2024.03.24"]
[Round "4"]
[White "Abeysinghe, HMH Janandani"]
[Black "Ekaratne, Chenaya"]
[Result "1-0"]
[WhiteElo "1750"]
[BlackElo "1623"]
[PlyCount "85"]
[EventDate "2024.03.22"]
[EventType "tourn"]
[EventRounds "13"]
[EventCountry "SRI"]
[SourceTitle "CB15_2024"]
[SourceDate "2024.04.10"]
[SourceVersion "1"]
[SourceVersionDate "2024.04.10"]
[SourceQuality "1"]

1. e4 c5 2. Nc3 e6 3. g3 Nc6 4. Bg2 Nge7 5. Nh3 g6 6. d3 Bg7 7. 0-0 0-0 8. Nf4 b6 9. h4 Bb7 10. h5 Nd4 11. Nce2 Nxe2+ 12. Qxe2 d5 13. hxg6 hxg6 14. c3 e5 15. Nh3 d4 16. c4 Qd6 17. Qg4 f5 18. Qh4 fxe4 19. Ng5 Rfd8 20. Qh7+ Kf8 21. Nxe4 Qd7 22. f4 Nf5 23. fxe5 Bxe5 24. Qxg6 Bc8 25. Bh3 Qf7 26. Qxf7+ Kxf7 27. Bxf5 Bxf5 28. Rxf5+ Ke6 29. Rf3 Rf8 30. Rxf8 Rxf8 31. Kg2 Rb8 32. Bg5 Rf8 33. Rf1 Rg8 34. Bf4 Bg7 35. Re1 Kd7 36. Bg5 Rf8 37. Nxc5+ bxc5 38. Re7+ Kd6 39. Rxg7 Ke6 40. Rxa7 Kf5 41. Bf4 Rc8 42. Rc7 Rxc7 43. Bxc7 1-0

[Event "Western Asia-ch U20 Girls"]
[Site "Colombo"]
[Date "2023.12.04"]
[Round "8"]
[White "Ekaratne, Chenaya"]
[Black "Ahmed, Walijah"]
[Result "0-1"]
[WhiteElo "1217"]
[BlackElo "1858"]
[PlyCount "146"]
[EventDate "2023.11.30"]
[EventType "swiss"]
[EventRounds "9"]
[EventCountry "SRI"]
[SourceTitle "CB50_2023"]
[SourceDate "2023.12.13"]
[SourceVersion "1"]
[SourceVersionDate "2023.12.13"]
[SourceQuality "1"]

1. d4 d5 2. c4 dxc4 3. e4 b5 4. Nc3 c6 5. a4 b4 6. Na2 e5 7. Nf3 exd4 8. Bxc4 Nd7 9. Nxd4 Ne5 10. Be2 c5 11. Nf3 Qxd1+ 12. Kxd1 Nxf3 13. Bxf3 Be6 14. Be3 Rd8+ 15. Ke1 Nf6 16. h3 Be7 17. g3 Bc4 18. Nc1 0-0 19. g4 Nd7 20. Be2 Be6 21. Nd3 a5 22. Kf1 g5 23. Kg2 c4 24. Ne1 Bf6 25. Rb1 h6 26. Nf3 Rc8 27. Bd4 Bxd4 28. Nxd4 Nc5 29. Nxe6 Nxe6 30. Rbc1 c3 31. bxc3 bxc3 32. Rhd1 Nf4+ 33. Kf1 Rc5 34. Ke1 Rfc8 35. Bf1 Kg7 36. f3 Rb8 37. Rc2 Rb4 38. Rdc1 Rb3 39. Kf2 Ra3 40. Ke3 Kf6 41. h4 Ke5 42. hxg5 hxg5 43. Bb5 Rb3 44. Ba6 Ne6 45. Kd3 Nd4 46. Bc4 Rxc4 47. Kxc4 Rb4+ 48. Kc5 Nxc2 49. Rxc2 Rxa4 50. Rxc3 Ra1 51. Kb5 Kf4 52. Rc7 Kxf3 53. Rxf7+ Kxg4 54. e5 Re1 55. Kxa5 Rxe5+ 56. Kb4 Rd5 57. Kc4 Rd1 58. Rg7 Kf4 59. Rf7+ Kg3 60. Rg7 g4 61. Kc3 Kf3 62. Rf7+ Kg2 63. Rg7 g3 64. Rg8 Kf2 65. Rf8+ Kg1 66. Rg8 g2 67. Kc4 Kf2 68. Rf8+ Ke3 69. Re8+ Kf4 70. Rf8+ Ke5 71. Re8+ Kf6 72. Rg8 g1Q 73. Rxg1 Rxg1 0-1

[Event "SRI-chB (Women)"]
[Site "Colombo"]
[Date "2023.03.06"]
[Round "6"]
[White "Abeysinghe, HMH Janandani"]
[Black "Ekaratne, Chenaya"]
[Result "1-0"]
[WhiteElo "1428"]
[BlackElo "1285"]
[PlyCount "149"]
[EventDate "2023.03.04"]
[EventType "swiss"]
[EventRounds "11"]
[EventCountry "SRI"]
[SourceTitle "CBM 213 Extra"]
[Source "ChessBase"]
[SourceDate "2023.05.31"]
[SourceVersion "1"]
[SourceVersionDate "2023.05.31"]
[SourceQuality "1"]

1. e4 c5 2. Be2 Nc6 3. d3 g6 4. f4 Bg7 5. Nf3 e6 6. c3 d5 7. e5 Nge7 8. a4 f6 9. exf6 Bxf6 10. 0-0 0-0 11. Na3 Bg7 12. Nc2 d4 13. c4 a5 14. Ng5 e5 15. Ne4 b6 16. Bg4 Nf5 17. Qf3 Qc7 18. Bd2 Ra7 19. Rae1 exf4 20. Bxf4 Be5 21. Ng5 Bxf4 22. Qxf4 Qxf4 23. Rxf4 Re7 24. Rxe7 Nfxe7 25. Rxf8+ Kxf8 26. Bxc8 Nxc8 27. Nxh7+ Kg7 28. Ng5 Ne5 29. Ne1 Ng4 30. h3 Ne3 31. b3 Nd6 32. g4 Kf6 33. Ngf3 g5 34. Kf2 Nc8 35. Nd2 Nd6 36. Ne4+ Nxe4+ 37. dxe4 Ke5 38. Kf3 Nf1 39. Nd3+ Ke6 40. e5 Nd2+ 41. Ke2 Ne4 42. Kf3 Nd2+ 43. Kg3 Ne4+ 44. Kg2 Nd2 45. Kf2 Ne4+ 46. Kf3 Nd2+ 47. Kg2 Ne4 48. h4 gxh4 49. Kh3 Ng5+ 50. Kxh4 Nf3+ 51. Kg3 Nxe5 52. Nf4+ Kf7 53. g5 Kg7 54. Nd5 Nd7 55. Kf4 Kg6 56. Ne7+ Kf7 57. Nf5 Kg6 58. Nh4+ Kg7 59. Ke4 Kf7 60. Kd5 d3 61. Nf3 Ke7 62. Ke4 Ke6 63. Kxd3 Kf5 64. Ke3 Nf8 65. Nd2 Kxg5 66. Ke4 Kf6 67. Kd5 Ke7 68. Kc6 Nd7 69. Ne4 Ke6 70. Nc3 Ke7 71. Nd5+ Ke6 72. Nxb6 Nxb6 73. Kxb6 Kd6 74. Kxa5 Kc6 75. Ka6 1-0